Το βιβλίο των ρεκόρ Guinness 1993

Αποθηκεύτηκε σε:
Λεπτομέρειες βιβλιογραφικής εγγραφής
Άλλοι συγγραφείς: Matthews, Peter (Επιμελητής έκδοσης)
Μορφή: Βιβλίο
Γλώσσα:Greek
Δημοσίευση: Αθήνα : Χρυσή Πέννα, c1992
Θέματα:
Ετικέτες: Προσθήκη ετικέτας
Δεν υπάρχουν, Καταχωρήστε ετικέτα πρώτοι!

MARC

LEADER 00000nam a2200000 i 4500
001 1/79621
008 960823s1992 gre d
020 |a 960-245-024-X 
035 |a 1993  |b 1  |c Μικιόζος  |l 10033227 
040 |a GR-MY-UA  |b gre  |e aacr 
041 0 |a gre 
082 0 |a Π 031.02 
245 1 3 |a Το βιβλίο των ρεκόρ Guinness 1993 /  |c editor Peter Matthews ; founding editor Norris D. McWhirter 
260 |a Αθήνα :   |b Χρυσή Πέννα,   |c c1992 
300 |a 290 σ.  |b εικ. 
650 0 0 |a Curiosities and wonders. 
650 0 0 |a World records. 
700 1 |a Matthews, Peter.  |4 edt 
852 |a INST  |b RHODES  |e 19960823  |h 031.02 ΒΙΒ  |p 005400009629  |q 005400009629  |t REF  |y 23 
909 |a Ρ  |b 026096 
922 |a 4ΕΛΗ  |b 199302  |c ΜΙΚΙΟΖΟΣ 
970 |a ΧΟΡΟΖΙΔΟΥ  |b ΤΖΕΝΗ  |z 1999/10/12